| 000 | 00507nam a22001817a 4500 | ||
|---|---|---|---|
| 005 | 20221215142005.0 | ||
| 008 | 221215b ||||| |||| 00| 0 eng d | ||
| 040 | _cAL | ||
| 041 | _aEnglish | ||
| 082 |
_223 _a331.31 _bCENC |
||
| 100 |
_aCentral Secretariat _966178 |
||
| 245 | _aCampaign Against Child Labour | ||
| 260 |
_aMysore _bCampaign Against Child Labour _c2003 |
||
| 300 |
_a24 p. _bPB _c21.6x14 cm. |
||
| 650 |
_aChild Labour _966179 |
||
| 700 |
_aCENTRAL SECRETARIAT _966180 |
||
| 942 |
_2ddc _cGF |
||
| 999 |
_c225792 _d225792 |
||